Symmetries and groups in signal processing / (Record no. 213982)
[ view plain ]
| 000 -LEADER | |
|---|---|
| fixed length control field | 01010 a2200205 4500 |
| 003 - CONTROL NUMBER IDENTIFIER | |
| control field | Nust |
| 005 - DATE AND TIME OF LATEST TRANSACTION | |
| control field | 20221215111538.0 |
| 010 ## - LIBRARY OF CONGRESS CONTROL NUMBER | |
| LC control number | 2010931379 |
| 020 ## - INTERNATIONAL STANDARD BOOK NUMBER | |
| International Standard Book Number | 9789048194339 |
| 040 ## - CATALOGING SOURCE | |
| Transcribing agency | Nust |
| 082 ## - DEWEY DECIMAL CLASSIFICATION NUMBER | |
| Classification number | 621.3822,SIN |
| 100 1# - MAIN ENTRY--PERSONAL NAME | |
| Personal name | Sinha, Virendra P. |
| 9 (RLIN) | 98164 |
| 245 10 - TITLE STATEMENT | |
| Title | Symmetries and groups in signal processing / |
| Statement of responsibility, etc. | Virendra P. Sinha. |
| 260 ## - PUBLICATION, DISTRIBUTION, ETC. | |
| Place of publication, distribution, etc. | New York : |
| Name of publisher, distributor, etc. | Springer, |
| Date of publication, distribution, etc. | 2010. |
| 300 ## - PHYSICAL DESCRIPTION | |
| Extent | p. cm. |
| 505 ## - FORMATTED CONTENTS NOTE | |
| Formatted contents note | Signals and Signal Spaces: A Structural Viewpoint (Page-1), Algebraic Preliminaries (Page-43), Measurement, Modeling, and Metaphors (Page-69), Symmetries, Automorphisms and Groups (Page-81), Representations of Finite Groups. (Page-105), Signal Processing and Representation Theory (Page-143), A Parentheses, Their Proper Pairing, and Associativity (Page-151). |
| 856 42 - ELECTRONIC LOCATION AND ACCESS | |
| Materials specified | Publisher description |
| Uniform Resource Identifier | <a href="http://www.loc.gov/catdir/enhancements/fy1316/2010931379-d.html">http://www.loc.gov/catdir/enhancements/fy1316/2010931379-d.html</a> |
| 856 42 - ELECTRONIC LOCATION AND ACCESS | |
| Materials specified | Table of contents only |
| Uniform Resource Identifier | <a href="http://www.loc.gov/catdir/enhancements/fy1316/2010931379-t.html">http://www.loc.gov/catdir/enhancements/fy1316/2010931379-t.html</a> |
| 942 ## - ADDED ENTRY ELEMENTS (KOHA) | |
| Source of classification or shelving scheme | |
| Koha item type | Book |
| Withdrawn status | Lost status | Source of classification or shelving scheme | Damaged status | Not for loan | Permanent Location | Current Location | Shelving location | Date acquired | Full call number | Barcode | Date last seen | Price effective from | Koha item type | Public note |
|---|---|---|---|---|---|---|---|---|---|---|---|---|---|---|
| Military College of Signals (MCS) | Military College of Signals (MCS) | General Stacks | 12/12/2016 | 621.3822,SIN | MCS37178 | 12/08/2016 | 12/12/2016 | Book | Almirah No.37, Shelf No.2 |
